Countries in Asia - Statistics

General Stats
  • This quiz has been taken 32 times
  • The average score is 40 of 48
Answers on the Map
Answers color-coded by a green-red scale on the quiz's map according to % correct below.
 
Answer Stats
Answer % Correct
China
100%
Japan
100%
North Korea
100%
South Korea
100%
Afghanistan
96%
India
96%
Mongolia
96%
Saudi Arabia
96%
Turkey
96%
Vietnam
96%
Bangladesh
92%
Indonesia
92%
Kazakhstan
92%
Pakistan
92%
Turkmenistan
92%
Azerbaijan
88%
Iran
88%
Iraq
88%
Laos
88%
Nepal
88%
Thailand
88%
United Arab Emirates
88%
Israel
83%
Kyrgyzstan
83%
Malaysia
83%
Oman
83%
Philippines
83%
Qatar
83%
Singapore
83%
Sri Lanka
83%
Taiwan
83%
Uzbekistan
83%
Armenia
79%
Bhutan
79%
Cambodia
79%
Jordan
79%
Kuwait
79%
Yemen
79%
Georgia
75%
Tajikistan
75%
Bahrain
71%
Myanmar
71%
Cyprus
67%
Lebanon
67%
Maldives
67%
Syria
67%
East Timor
54%
Brunei
50%
No matching quizzes found
Score Distribution
Percent of People with Each Score
Percentile by Number Answered
Your Score History
You have not taken this quiz